Na kraji nových obzorov na neuverenie: Ján Hucko má sedemdesiat!

Bibliographic Details
Main Author: Kršek, Pavel (Author)
Format: Article
Language:Slovak
PhysicalDescription:Fotogr.
ISSN:0139-7001
Subjects:

MARC

LEADER 00000nab a2200000 a 4500
001 vtls000794617
003 SK-MaSNL
005 20260302154708.0
008 160322c2002 xo 0 slo
015 |a SNBRB2002/05-16830 
035 |a CLN000146272 
040 |a SNKBUCL  |b slo  |c SNKBUCL  |e AACR2 
041 0 |a slo 
044 |a xo  |c SK 
080 |a 796.332.071.4  |2 UDC-MRF-SK2 
100 1 |a Kršek, Pavel  |4 aut  |9 5925 
245 1 0 |a Na kraji nových obzorov  |b na neuverenie: Ján Hucko má sedemdesiat!  |c Pavel Kršek 
300 |b Fotogr. 
600 1 7 |a Hucko, Ján,  |d 1932-  |2 snkbucl  |9 766169 
655 7 |a články z novín a časopisov  |2 snkbucl  |9 267496 
773 0 |x 0139-7001  |t Šport  |g Roč. 56, č. 108 (11.5.2002), s. 14 
850 |a Slovenská národná knižnica v Martine 
852 |a SNK  |b KIS3GCP 
958 |a SK 
958 |a BX 
958 |a RBX 
999 |c 1369159  |d 1371089